00270nam a2200121Ia 4500008004100000100001800041245001600059260002800075300000900103650001400112942000700126999001500133190216s9999||||xx |||||||||||||| ||und|| aGunnar Myrdal 0aAsian Drama bKalyani Publisherc1985 a2280 aEconomics cBK c9719d9719